La Suisse de A à Z - Statistiques

Statistiques générales
  • Ce quiz a été pris 25 292 fois
  • Le résultat moyen est 18 sur 26
Statistiques - réponses
Indice Réponse % Correct
A Chaîne de montagnes qui recouvre 60% du territoire Alpes
99%
B Capitale de facto Berne
92%
Q Nombre de langues nationales officielles Quatre
91%
E Fromage doux à trous Emmental
88%
F 20 fois champion du Grand-Chelem Federer
87%
L Lac parfois appelé "Lac de Genève" Léman
87%
Z Ville la plus peuplée Zurich
87%
N "Tradition" de la Suisse dans les conflits Neutralité
84%
R Plus long fleuve, il se jette dans la mer du Nord Rhin
83%
C Subdivisions au nombre de 26 Cantons
82%
G Fromage qui lui n'a pas de trous! Gruyère
82%
I Langue parlée au Tessin Italien
80%
H Petite de fille des montagnes Heidi
68%
P Ingrédient nécessaire pour confectionner des "Röstis" Patate
68%
J Plus jeune canton et chaîne de montagnes Jura
67%
T Arbalétrier légendaire prénommé Guillaume Tell
63%
M Pâtisserie dont le nom serait originaire du village de Meiringen Meringue
59%
W Vainqueur de Roland Garros 2015 Wawrinka
59%
Y Chant traditionnel des montagnes Yodel
58%
X Capitaine actuel de l'équipe de football, Granit ___ Xhaka
51%
V Son chef-lieu est Lausanne Vaud
44%
O Marque de montres qui rappelle la Grèce Omega
43%
S "Suisse" dans une autre langue nationale Schweiz / Svizzera / Svizra
43%
D Rivière qui fait office de frontière franco-suisse Doubs
35%
K Peintre expressionniste: Paul ___ Klee
33%
U Canton fondateur, et d'origine du susmentionné Uri
32%
Aucun quiz correspondant
Distribution des résultats
% des personnes avec chaque résultat
Percentile par nombre de réponses
Votre historique - résultats
Vous n’avez pas pris ce quiz